ბათუმის შოთა რუსთაველის სახელმწიფო უნივერსიტეტის ბიბლიოთეკა

თხზულებანი 4 ტომად. ტ.4. ლექსიკონი ქართული (ბიბ.ჩანაწერი № 43094)

000 -LEADER
fixed length control field 00892nam a2200217Ia 4500
001 - CONTROL NUMBER
control field 9815
003 - CONTROL NUMBER IDENTIFIER
control field GE_BSU
008 - FIXED-LENGTH DATA ELEMENTS--GENERAL INFORMATION
fixed length control field 181216s||||||||xx |||||||||||||| ||und||
040 ## - CATALOGING SOURCE
Transcribing agency GE_BSU
080 ## - UNIVERSAL DECIMAL CLASSIFICATION NUMBER
Universal Decimal Classification number 811.353.1'373+81'374.3=353.1
100 ## - MAIN ENTRY--PERSONAL NAME
Personal name ორბელიანი,სულხან–საბა
245 ## - TITLE STATEMENT
Title თხზულებანი 4 ტომად. ტ.4. ლექსიკონი ქართული
245 ## - TITLE STATEMENT
Remainder of title ნაკვ.2
245 ## - TITLE STATEMENT
Statement of responsibility, etc. ავტოგრაფ. ნუსხების მიხედვით გამოსაცემად მოამზადა ი. აბულაძემ.რედ ა. შაინიძე
260 ## - PUBLICATION, DISTRIBUTION, ETC.
Place of publication, distribution, etc. თბილისი
260 ## - PUBLICATION, DISTRIBUTION, ETC.
Name of publisher, distributor, etc. საბჭოთა საქართველო
260 ## - PUBLICATION, DISTRIBUTION, ETC.
Date of publication, distribution, etc. 1966
300 ## - PHYSICAL DESCRIPTION
Extent 656გვ.22სმ.
653 ## - INDEX TERM--UNCONTROLLED
Uncontrolled term თხზულებანი
942 ## - ADDED ENTRY ELEMENTS (KOHA)
Koha item type წიგნი
ეგზემპლარები
Withdrawn status Lost status Damaged status Not for loan Date acquired Barcode Date last seen Price effective from Koha item type
        2018-12-17 33187 2018-12-17 2018-12-17 წიგნი
        2018-12-17 33188 2018-12-17 2018-12-17 წიგნი
        2018-12-17 33189 2018-12-17 2018-12-17 წიგნი
        2018-12-17 33190 2018-12-17 2018-12-17 წიგნი